How can I find God? : (Record no. 591)

MARC details
000 -LEADER
fixed length control field 00679pam a2200241 a 4500
005 - DATE AND TIME OF LATEST TRANSACTION
control field 20260322212026.0
008 - FIXED-LENGTH DATA ELEMENTS--GENERAL INFORMATION
fixed length control field data
010 ## - LIBRARY OF CONGRESS CONTROL NUMBER
LC control number 97007900
020 ## - INTERNATIONAL STANDARD BOOK NUMBER
International Standard Book Number 0764800906
020 ## - INTERNATIONAL STANDARD BOOK NUMBER
International Standard Book Number 9780764800900
040 ## - CATALOGING SOURCE
Original cataloging agency DLC
Transcribing agency DLC
Modifying agency DLC
050 00 - LIBRARY OF CONGRESS CALL NUMBER
Classification number BL72
Item number .H69 1997
082 00 - DEWEY DECIMAL CLASSIFICATION NUMBER
Classification number 291.4/2
Edition information 21
092 ## - LOCALLY ASSIGNED DEWEY CALL NUMBER (OCLC)
Classification number 291.4 H69 1997
001 - CONTROL NUMBER
control field data
245 00 - TITLE STATEMENT
Title How can I find God? :
Remainder of title the famous and the not-so-famous consider the quintessential question /
Statement of responsibility, etc. edited by James Martin.
250 ## - EDITION STATEMENT
Edition statement 1st ed.
260 ## - PUBLICATION, DISTRIBUTION, ETC.
Place of publication, distribution, etc. Liguori, Mo. :
Name of publisher, distributor, etc. Triumph Books,
Date of publication, distribution, etc. c1997.
300 ## - PHYSICAL DESCRIPTION
Extent xv, 204 p. ;
Dimensions 21 cm.
650 #0 - SUBJECT ADDED ENTRY--TOPICAL TERM
Topical term or geographic name entry element Spiritual biography.
650 #0 - SUBJECT ADDED ENTRY--TOPICAL TERM
Topical term or geographic name entry element Desire for God.
700 1# - ADDED ENTRY--PERSONAL NAME
Personal name Martin, James,
Titles and other words associated with a name S.J.
Holdings
Withdrawn status Lost status Damaged status Not for loan Home library Current library Shelving location Date acquired Total checkouts Full call number Barcode Date last seen Price effective from Koha item type
        Franklin Franklin General stacks 22/03/2026   291.4/2 21 BC0010606 22/03/2026 22/03/2026 Books